000 00738nam a2200205Ia 4500
008 130821s2005 sp gr spa
020 _a8436819764
040 _aCo-BoUCM
_bspa
041 0 0 _aspa
100 1 _aVelasco Sánchez, Juan
_9162584
245 1 0 _aGestión de la calidad mejora continua y sistemas de gestión. teoría y práctica
_cJuan Velasco Sánchez
260 _aMadrid (España)
_bEdiciones Pirámide
_c2005
300 _a270 páginas
504 _aIncluye bibliografía
650 0 4 _aAdministración de empresas
_9435
650 0 4 _aAseguramiento de la calidad
_99616
650 0 4 _aCalidad total en administración
_910322
942 _cLIBRO
_a16
_e1
_mV433g
_2DEWEY
_h658.562
999 _c48768
_d48768